00397pab a2200145 454500008004000000100002100040245006400061260000900125300001500134362001100149650001000160650003200170650001500202773003400217180718b2000 xxu||||| |||| 00| 0 eng d aSengupta, Sohini aPolitical economy of irrigation: tanks in Orissa, 1850-1996 c2000 ap.4695-700 a30 Dec aTanks aIrrigation - India - Orissa aIrrigation aEconomic and Political Weekly